Statistics for Alaska - On a Map!

Click here to take the quiz!

General Stats

  • This quiz has been taken 1,591 times
  • The average score is 8 of 15

Answers on the Map

Answers color-coded by a green-red scale on the quiz's map according to % correct below.
 

Answer Stats

HintAnswers% Correct
City - 291 kAnchorage
96%
Capital city - 31.2 kJuneau
94%
Tallest mountain - elevation: 6,190 m, the tallest mountain in all of North America and one of the legendary Seven SummitsDenali
88%
City - 31.5 kFairbanks
82%
North America's closest point to Asia lies in the Bering Strait, and has given rise to a crazy, yet unlikely scheme to build a bridge/tunnel to allow land crossings between the continentsBering Sea
74%
Also known as Utqiagvik, this community is the northernmost in the United StatesBarrow
63%
One of the largest deltas in the world, home to a small population of mostly Alaska Natives. Most residents live a lifestyle of hunting, fishing and gatheringYukon–Kuskokwim Delta
54%
Largest island in Alaska with a population of 13,000Kodiak
45%
City - 8.8 kSitka
41%
City - 8.0 kKetchikan
35%
Peninsula home to a large number of Russians, Nikolaevsk being the only locale in the US to have a majority Russian-speaking population, as it was settled by Russian Old Believers who left the Soviet Union in 1968Kenai
34%
National park home to the Wrangell Mountains range. Mount Saint Elias is the second tallest mountain in both the United States and Canada (it is located on the Yukon-Alaska border).Wrangell-St. Elias
26%
Mountainous island once visited by James CookUnalaska
19%
Island in the Alexander Archipelago, known for fishing and loggingPrince of Wales
8%
Largest of the Aleutian IslandsUnimak
6%

Score Distribution

Percentile by Number Answered

Percent of People with Each Score

Your Score History

You have not taken this quiz